Statistics for Brazilian football clubs by badge

Click here to take the quiz!

General Stats

  • This quiz has been taken 96 times
  • The average score is 40 of 50

Answer Stats

Answer% Correct
Fortaleza
100%
Internacional
96%
Cruzeiro
95%
Cuiabá
94%
Grêmio
94%
Palmeiras
94%
Brusque
93%
Juventude
93%
Santos
93%
Chapecoense
92%
Londrina
92%
Coritiba
90%
Flamengo
90%
Avaí
89%
Corinthians
89%
São Paulo
89%
Bahia
88%
Criciúma
88%
Fluminense
88%
Guarani
88%
Ituano
88%
Mirassol
88%
Red Bull Bragantino
88%
Tombense
88%
Ceará
87%
Goiás
87%
Botafogo-PB
86%
Vasco da Gama
86%
Botafogo
85%
Vila Nova
85%
São José
81%
Atlético Mineiro
80%
Novorizontino
79%
Operário Ferroviário
79%
Athletico Paranaense
75%
ABC
70%
Náutico
68%
América Mineiro
65%
Vitória
65%
CRB
64%
Atlético Goianiense
62%
Figueirense
61%
Ponte Preta
61%
Sport Recife
61%
CSA
60%
Remo
58%
Paysandu
56%
Sampaio Corrêa
56%
Ferroviário
52%
Botafogo-SP
48%

Score Distribution

Percentile by Number Answered

Percent of People with Each Score

Your Score History

You have not taken this quiz